000 00752nam a2200265Ia 4500
001 Para_5130
003 CHAP
008 220125s1954 xx 000 0 und d
010 _a203499
040 _cCHAP
090 _aPA FOLLETO 2471
100 _aHetrick, L. A
_955076
245 _aTermites and other wood-infesting insects /
_c L. A. Hetrick
260 _aGainesville, Florida :
_b Agricultural Extension Service
300 _a22 p.
440 _aFlorida Agri. Ext. Ser. Bull.; 157
_9169319
650 _aMadera
_x Plagas Termitas
_9169320
901 _aPA FOLLETO 2471
902 _aA
905 _a0000001954 GAI 0000000000 00
910 _a1954
942 _cPARA
942 _cPARA
_d1
999 _c203499
_d203499